Artística 8 : (Registro nro. 9638)
[ vista simple ]
| 000 -LIDER | |
|---|---|
| fixed length control field | 01176nam a2200301 a 4500 |
| 001 - NÚMERO DE CONTROL | |
| Identificador de número de control | 0000258 |
| 003 - IDENTIFICACDOR DE NÚMERO DE CONTROL | |
| control field | DO-SdBNP |
| 005 - DATE AND TIME OF LATEST TRANSACTION | |
| control field | 20160407152603.0 |
| 007 - CAMPOS FIJOS DE DESCRIPCIÓN FÍSICA | |
| fixed length control field | 0000258 |
| 008 - ELEMENTOS DE LONGITUD FIJA | |
| fixed length control field | 150211s20uu dr abc 000 0 spa d |
| 020 ## - ISBN | |
| Canceled/invalid ISBN | 9789945400584 |
| 040 ## - FUENTE DE CATALOGACIÓN | |
| Agencia que crea de manera original el registro | BPMSU |
| Idioma de catalogación | spa |
| Agencia que realiza la transcripción | BPMSU |
| 092 ## - LOCALLY ASSIGNED DEWEY DECIMAL CALL NUMBER | |
| Número de clasificación | xxxx |
| Número de ítem (Cutter) | xxxx |
| 100 1# - ASIENTO PRINCIPAL -- NOMBRE PERSONAL | |
| Nombre personal | Azócar, Marianela |
| 245 00 - MENCIÓN DE TITULO | |
| Título | Artística 8 : |
| Subtítulo | básica / |
| Mención de responsabilidad | Marianela Azócar, Luisa A. Mateo Dicló ; producción editorial María del Jesús de la Rosa ; ilustraciones Ramón Sandoval. |
| 260 ## - PUBLICACIÓN, DISTRIBUCIÓN, ETC. (PIE DE IMPRENTA) | |
| Lugar de publicación, distribución, etc | Santo Domingo : |
| Nombre del editor, distribuidor, etc. | Actualidad Escolar 2000, |
| Fecha de publicación, distribución, etc | [20uu] |
| 300 ## - DESCRIPCIÓN FÍSICA | |
| Extensión | xxiv, 128 p. : |
| Otros detalles físicos | il., mapas, retrs. ; |
| Dimensiones | 22 cm. |
| 500 ## - NOTA GENERAL | |
| Nota general | Incluye el libros del maestro |
| 500 ## - NOTA GENERAL | |
| Nota general | La biblioteca solamente posee el libro del maestro. |
| 504 ## - NOTA DE BIBLIOGRAFÍA, ETC. | |
| Bibliography, etc | Bibliografía p: xxiv |
| 505 0# - NOTA DE CONTENIDO | |
| Título | El arte universal -- |
| -- | Conozcamos sobre el arte popular -- |
| -- | Formación sobre las culturas latinoamericanas -- |
| -- | El arte y sus formas |
| -- | El arte y las manifetaciones folclóricas -- |
| 700 1# - ASIENTO SECUNDARIO -- NOMBRE PERSONAL | |
| Nombre personal | Mateo Dicló, Luisa A. |
| 700 1# - ASIENTO SECUNDARIO -- NOMBRE PERSONAL | |
| Nombre personal | Del Jesús de la Rosa, María |
| Mención de responsabilidad | prod. ed. |
| 700 1# - ASIENTO SECUNDARIO -- NOMBRE PERSONAL | |
| Nombre personal | Sandoval, Ramón |
| Mención de responsabilidad | il. |
| 910 ## - VALIDACIÓN | |
| Validación | 00144 |
| 942 ## - ADDED ENTRY ELEMENTS (KOHA) | |
| Source of classification or shelving scheme | Dewey Decimal Classification |
| Koha item type | Libros |
| 956 ## - LOCAL ELECTRONIC LOCATION AND ACCESS (OCLC) | |
| Nombre de host | YLOCKWARD |
| Número de acceso | 10 |
| Withdrawn status | Lost status | Source of classification or shelving scheme | Damaged status | Not for loan | Collection code | Home library | Current library | Date acquired | Source of acquisition | Total Checkouts | Barcode | Date last seen | Copy number | Price effective from | Koha item type |
|---|---|---|---|---|---|---|---|---|---|---|---|---|---|---|---|
| Dewey Decimal Classification | Biblioteca Pública Metropolitana Salomé Ureña | Biblioteca Pública Metropolitana Salomé Ureña | 04/07/2016 | Donación | BPMSU16040229 | 04/07/2016 | v. 2 | 04/07/2016 | Libros | ||||||
| Dewey Decimal Classification | Biblioteca Pública Metropolitana Salomé Ureña | Biblioteca Pública Metropolitana Salomé Ureña | 04/07/2016 | Donación | BPMSU16040230 | 04/07/2016 | v. 2, ej. 2 | 04/07/2016 | Libros | ||||||
| Dewey Decimal Classification | Biblioteca Pública Metropolitana Salomé Ureña | Biblioteca Pública Metropolitana Salomé Ureña | 04/07/2016 | Donación | BPMSU16040231 | 04/07/2016 | v. 2, ej. 3 | 04/07/2016 | Libros |